Chudoba ako cieľ stratégie Európa 2020 z pohľadu Slovenska

Problematika chudoby na Slovensku. Vývoj miery chudoby na Slovensku s dôrazom na príjmovú chudobu, nízku intenzitu práce a materiálnu depriváciu. Komparácia podielu osôb žijúcich na úrovni chudoby v členských krajinách Európskej únie a zhodnotenie dosiahnutia cieľa stratégie Európa 2020 v oblasti ch...

ver descrição completa

Na minha lista:
Detalhes bibliográficos
Autor principal: Duľová Spišáková, Emília, 1983-
Formato: Capítulo de Livro
Idioma:eslovaco
Assuntos:
Tags: Adicionar Tag
Sem tags, seja o primeiro a adicionar uma tag!

MARC

LEADER 00000naa$a2200000$$$4500
001 0298056
005 20250124122701.1
041 0 |a slo 
044 |a SK 
245 1 0 |a Chudoba ako cieľ stratégie Európa 2020 z pohľadu Slovenska  |c Emília Duľová Spišáková 
520 |a Problematika chudoby na Slovensku. Vývoj miery chudoby na Slovensku s dôrazom na príjmovú chudobu, nízku intenzitu práce a materiálnu depriváciu. Komparácia podielu osôb žijúcich na úrovni chudoby v členských krajinách Európskej únie a zhodnotenie dosiahnutia cieľa stratégie Európa 2020 v oblasti chudoby na úrovni EU27 a Slovenskej republiky. Vývoj stanovenej hranice chudoby z hľadiska príjmov a závažnej materiálnej deprivácie. Analýza a komparácia vývoja miery chudoby na Slovensku v porovnaní s členskými krajinami Európskej únie, poukázanie na príjmovú chudobu a materiálnu depriváciu a zhodnotenie dosiahnutia cieľa stratégie Európa 2020 tak na Slovensku, ako aj v Európskej únii. 
610 2 0 |a chudoba 
610 2 0 |a deprivácia 
610 2 0 |a podmienky životné 
610 2 0 |a obyvateľstvo 
610 2 0 |a porovnanie medzinárodné 
610 2 0 |a analýzy 
610 2 0 |a Slovensko 
610 2 0 |a Európska únia 
100 1 |a Duľová Spišáková, Emília, 1983-